| 000 | 00703nam a2200289Ia 4500 | ||
|---|---|---|---|
| 005 | 20260324123955.0 | ||
| 008 | 008 260324s9999 xx 000 0 eng d | ||
| 020 | _a9781315252926 | ||
| 037 | _aEBOOK | ||
| 040 | _aCRL | ||
| 040 | _beng | ||
| 040 | _cCRL | ||
| 041 | _2eng | ||
| 041 | _aeng | ||
| 084 | _qCRL | ||
| 100 |
_aSteven J. Reid _91172366 |
||
| 245 | 0 | _aHumanism and Calvinism | |
| 245 | 0 | _bAndrew Melville and the Universities of Scotland, 1560–1625 | |
| 260 | _bTaylor and Francis | ||
| 260 | _c2011 | ||
| 365 | _a | ||
| 365 | _b240 | ||
| 856 | _uhttp://www.taylorfrancis.com/books/9781315252926 | ||
| 942 | _cEBOOK | ||
| 999 |
_c1766349 _d1766349 |
||